000 00756nam a2200241 a 4500
001 000022864
005 20200930021837.0
008 101119s1980 sp r 000 f spa d
020 _a8432053589
040 _aDO-SdBNP
_bspa
_cBNPHU
082 _a863.64
_bT676d, 1980
100 1 _aTorbado, Jesús,
_d1943-
_946992
245 1 0 _aEn el día de hoy /
_cJesús Torbado.
250 _a9a ed.
260 _aBarcelona, España :
_bEditorial Planeta,
_c1980.
300 _a361, [362], [4] p. ;
_c19 cm.
490 1 _aAutores Españoles e Hispanoamericanos
586 _aPremio Editorial Planeta, 1976
650 4 _aNovela española
_91123
650 4 _aLiteratura española
_9632
830 0 _aAutores Españoles e Hispanoamericanos
_95042
049 _aBNGR
999 _c22361
_d22361